| 000 | 02183cam a22004334i 4500 | ||
|---|---|---|---|
| 003 | PE-LiUPU | ||
| 005 | 20250731173104.0 | ||
| 008 | 180816s1972 xxu a r 000 0 sp d | ||
| 035 | _a(Sirsi) a249368 | ||
| 040 |
_aPE-LiUPU _bspa _cPE-LiUPU _erda |
||
| 049 | _aPRUA | ||
| 082 | 0 | 4 |
_a296.707 _bH17 _221 |
| 100 | 1 |
_aHalevy Donin, Rabi Hayim, _eautor. |
|
| 245 | 1 | 3 |
_aEl Ser Judío : _bGuía Para la Observancia del Judaismo en la Vida Contemporánea / _cRabi Hayim Halevy Donin. |
| 264 | 1 |
_aNew York : _bOrganización Sionista Mundial, _c1972. |
|
| 300 |
_a334 páginas : _bilustraciones ; _c23 centímetros |
||
| 336 |
_atext _2rdacontent |
||
| 337 |
_aunmediated _2rdamedia |
||
| 338 |
_avolume _2rdacarrier |
||
| 505 | 0 | _aEl Credo Básico -- Los fundamentos del Judaísmo -- Halajá: El Camino Judio -- las Rzones de los preceptos -- EL Diario Vivir - Caridad: Un medio y un Fin -- El Shabat: Una Isla enel tiempo -- Las Leyes Dietéticas: Una dieta para el alma -- La vida familiar: Una clave para la felicidad -- Los signos del Pacto: Amor y Veeración - La Sinagoga: Lugar de Reunión de los Judíos -- Las Ocaciones Especiales en el Año - Las Principales Festividades - Pesaj -- Shavuot -- Los Días Reverenciales: Cómo se cuentan los años -- Sucot -- Las Festividades Post Bíblicas y los Guías de Ayuno -- Las Ocasiones en la Vida -- Nacimiento - Adopción y Convención -- Bar Mitzvá y Bat Mitzvá -- Matrimonio -- Procedimientos de Divorcio -- Fallecimeinto y Duelo -- El Sentido del Retorno. | |
| 526 | _aSEG42 | ||
| 526 | _aSEG41 | ||
| 526 | _aSEG40 | ||
| 526 | _aSEG39 | ||
| 526 | _aP94 | ||
| 526 | _aP87 | ||
| 526 | _aP86 | ||
| 526 | _aP85 | ||
| 526 | _aP77 | ||
| 526 | _aP76 | ||
| 526 | _aP35 | ||
| 650 | 0 | 4 |
_aReglas Judías _xCreencias Judías _zPerú. |
| 910 |
_adbm _bksl _cksl _d20180816 |
||
| 942 |
_2ddc _cBOOK |
||
| 994 |
_aC0 _bPEPRU |
||
| 596 | _a1 | ||
| 999 |
_a296.707 H17 _wDEWEY _c28934 _i79212 _d28934 _f2021-11-11 _g5 _lCCODEBUL1 _mBUL _p15.00 _q1 _r0 _sY _tBOOK _u2018-7-24 _xTEOLOGIA _PP35 _0DONACION _o.STAFF. Centro White |
||
| 980 |
_81 _gALBERTO SANCHEZ Responsable de Automatización |
||